| 000 | 00610nam a2200241 a 4500 | ||
|---|---|---|---|
| 001 | nice12345678 | ||
| 003 | IN_TiNIC | ||
| 005 | 20260116014031.0 | ||
| 008 | 100111s2009 cama grp 000 0 eng | ||
| 020 |
_a9780521608671 _c1600 |
||
| 082 | 0 | 0 |
_a301 _bWIS |
| 100 | _aWiseman, Broris | ||
| 245 | _aCombrige Companion to Levi-Strauss | ||
| 260 |
_aCambridge _bCambridge University Press _c2009 |
||
| 300 | _a337p | ||
| 500 | _aincludes index and biblioraphy | ||
| 650 | _aAnthropology | ||
| 650 | _aLevi-Strass | ||
| 700 | 1 | _aWiseman, Broris | |
| 902 | _bSRS | ||
| 942 | _cBK | ||
| 999 |
_c13589 _d13589 |
||